Notas para el estudio económico de América Latina y el Caribe, 1985: Guatemala
Zapisane w:
| Korporacja: | |
|---|---|
| Format: | Texto |
| Wydane: |
México D.F.:
CEPAL
|
| Etykiety: |
Dodaj etykietę
Nie ma etykietki, Dołącz pierwszą etykiete!
|
MARC
| LEADER | 00000 a a2200000 04500 | ||
|---|---|---|---|
| 001 | 22428 | ||
| 003 | |||
| 040 | |||
| 090 | |a 151800 | ||
| 110 | |a CEPAL | ||
| 245 | |a Notas para el estudio económico de América Latina y el Caribe, 1985: Guatemala | ||
| 260 | |a México D.F.: |b CEPAL | ||
| 300 | |a 45 p. | ||
| 999 | |c 6141 |d 6141 | ||
